<?xml version="1.0" encoding="UTF-8"?>
<record
    xmlns:xsi="http://www.w3.org/2001/XMLSchema-instance"
    xsi:schemaLocation="http://www.loc.gov/MARC21/slim http://www.loc.gov/standards/marcxml/schema/MARC21slim.xsd"
    xmlns="http://www.loc.gov/MARC21/slim">

  <leader>02314nam a22003734504500</leader>
  <controlfield tag="003">PE-LiUPU</controlfield>
  <controlfield tag="005">20260326151827.0</controlfield>
  <controlfield tag="008">250701s2025    pe            000 0 spa d</controlfield>
  <datafield tag="020" ind1=" " ind2=" ">
    <subfield code="a">9786123226169</subfield>
  </datafield>
  <datafield tag="035" ind1=" " ind2=" ">
    <subfield code="a">PE-LiUPU000006</subfield>
  </datafield>
  <datafield tag="040" ind1=" " ind2=" ">
    <subfield code="a">PE-LiUPU</subfield>
    <subfield code="b">spa</subfield>
    <subfield code="c">PE-LiUPU</subfield>
    <subfield code="e">rda</subfield>
  </datafield>
  <datafield tag="041" ind1="0" ind2=" ">
    <subfield code="a">spa</subfield>
  </datafield>
  <datafield tag="082" ind1="0" ind2="4">
    <subfield code="a">657.0218</subfield>
    <subfield code="b">V494u</subfield>
    <subfield code="2">20</subfield>
  </datafield>
  <datafield tag="100" ind1="1" ind2=" ">
    <subfield code="a">Vergara Silva, Mario Miguel,</subfield>
    <subfield code="e">autor.</subfield>
    <subfield code="9">8222</subfield>
  </datafield>
  <datafield tag="245" ind1="1" ind2="0">
    <subfield code="a">US GAAP :</subfield>
    <subfield code="b">Manual de normas contables americanas : aplicable para empresas en el Per&#xFA; emitidas por el FASB /</subfield>
    <subfield code="c">Mario Miguel Vergara Silva.</subfield>
  </datafield>
  <datafield tag="250" ind1=" " ind2=" ">
    <subfield code="a">Primera edici&#xF3;n.</subfield>
  </datafield>
  <datafield tag="264" ind1=" " ind2="1">
    <subfield code="a">Lima :</subfield>
    <subfield code="b">Instituto Pac&#xED;fico S.A.C.,</subfield>
    <subfield code="c">2025.</subfield>
  </datafield>
  <datafield tag="300" ind1=" " ind2=" ">
    <subfield code="a">495 p&#xE1;ginas :</subfield>
    <subfield code="b">ilustraciones ;</subfield>
    <subfield code="c">24 cm</subfield>
  </datafield>
  <datafield tag="336" ind1=" " ind2=" ">
    <subfield code="a">text</subfield>
    <subfield code="2">rdacontent</subfield>
  </datafield>
  <datafield tag="337" ind1=" " ind2=" ">
    <subfield code="a">unmediated</subfield>
    <subfield code="2">rdamedia</subfield>
  </datafield>
  <datafield tag="338" ind1=" " ind2=" ">
    <subfield code="a">volume</subfield>
    <subfield code="2">rdacarrier</subfield>
  </datafield>
  <datafield tag="504" ind1=" " ind2=" ">
    <subfield code="a">Incluye bibliograf&#xED;a.</subfield>
  </datafield>
  <datafield tag="505" ind1=" " ind2=" ">
    <subfield code="a">Antecedentes y aplicaci&#xF3;n de los US GAAP en el Per&#xFA; &#x2013; Or&#xED;genes de los Principios de Contabilidad Generalmente Aceptados &#x2013; Instituto Americano de Contadores P&#xFA;blicos Certificados (American Institute of Certified Public Accountants, AICPA) &#x2013; Consejos de Normas Internacionales de Contabilidad (International Accounting Standards Board, IASB) -- Declaraciones sobre normas de contabilidad financiera emitidas por el FASB vigentes hasta el 2009 -- Codificaci&#xF3;n de normas de contabilidad emitidas por el FASB vigentes a partir del 2009 &#x2013; Principios generales &#x2013; Presentaci&#xF3;n &#x2013; Activos &#x2013; Pasivo &#x2013; Patrimonio &#x2013; Ganancia &#x2013; Gastos &#x2013; Transacciones amplias &#x2013; Industria -- Principios contables generalmente aceptados americanos emitidos por el FASB aplicables para empresas peruanas.</subfield>
  </datafield>
  <datafield tag="520" ind1=" " ind2=" ">
    <subfield code="a">Manual que desarrolla las normas contables americanas US GAAP y su aplicaci&#xF3;n en el contexto peruano, incluyendo el an&#xE1;lisis de las normas emitidas por el FASB y su evoluci&#xF3;n normativa.</subfield>
  </datafield>
  <datafield tag="650" ind1="1" ind2="4">
    <subfield code="a">Contabilidad</subfield>
    <subfield code="x">Normas</subfield>
    <subfield code="z">Per&#xFA;</subfield>
    <subfield code="9">8287</subfield>
  </datafield>
  <datafield tag="650" ind1="2" ind2="4">
    <subfield code="a">Principios de contabilidad generalmente aceptados (Estados Unidos)</subfield>
    <subfield code="9">8292</subfield>
  </datafield>
  <datafield tag="650" ind1="2" ind2="4">
    <subfield code="a">Estados financieros</subfield>
    <subfield code="x">Normas</subfield>
    <subfield code="9">3708</subfield>
  </datafield>
  <datafield tag="650" ind1=" " ind2="4">
    <subfield code="a">US GAAP.</subfield>
  </datafield>
  <datafield tag="650" ind1=" " ind2="4">
    <subfield code="a">Estados financieros</subfield>
    <subfield code="x">Normas.</subfield>
    <subfield code="9">3708</subfield>
  </datafield>
  <datafield tag="651" ind1=" " ind2="4">
    <subfield code="a">Per&#xFA;</subfield>
    <subfield code="x">Contabilidad.</subfield>
  </datafield>
  <datafield tag="710" ind1=" " ind2=" ">
    <subfield code="a">Instituto Pac&#xED;fico S.A.C.  (Lima)</subfield>
    <subfield code="e">editor.</subfield>
    <subfield code="9">1605</subfield>
  </datafield>
  <datafield tag="942" ind1=" " ind2=" ">
    <subfield code="2">ddc</subfield>
    <subfield code="c">BK</subfield>
  </datafield>
  <datafield tag="980" ind1=" " ind2=" ">
    <subfield code="6">18228</subfield>
    <subfield code="a">Hugo Fernandez</subfield>
    <subfield code="8">18226</subfield>
    <subfield code="g">Jaime Vilcaz&#xE1;n Jefe de An&#xE1;lisis Documental</subfield>
  </datafield>
  <datafield tag="999" ind1=" " ind2=" ">
    <subfield code="c">63348</subfield>
    <subfield code="d">63347</subfield>
  </datafield>
  <datafield tag="952" ind1=" " ind2=" ">
    <subfield code="r">2026-03-31 16:41:08</subfield>
    <subfield code="l">0</subfield>
    <subfield code="o">657.0218 V494u</subfield>
    <subfield code="p">83153</subfield>
    <subfield code="t">e1</subfield>
    <subfield code="v">48.19</subfield>
    <subfield code="w">2026-03-24</subfield>
    <subfield code="x">FCE</subfield>
    <subfield code="y">BK</subfield>
    <subfield code="1">0</subfield>
    <subfield code="2">ddc</subfield>
    <subfield code="5">0</subfield>
    <subfield code="7">0</subfield>
    <subfield code="8">GEN</subfield>
    <subfield code="f">P96</subfield>
    <subfield code="a">BUL</subfield>
    <subfield code="b">BUL</subfield>
    <subfield code="c">GEN</subfield>
    <subfield code="d">2026-03-24</subfield>
    <subfield code="e">Suscripci&#xF3;n, Solutions Mihael &amp; Ruby SACS</subfield>
    <subfield code="g">43.19</subfield>
  </datafield>
</record>
